01127nam a22002897a 4500003000200000005001700002008000200019010001300021020002200034035002300056037001600079040001500095082001300110245007400123246000600197260003500203270005300238300002600291500002000317650005700337650005700394700002700451942002200478999001900500952018500519952013300704020180801160358.00 aA-997651 a8172233248c00.00 aA-997651, A-997653 bCen Lib/Ret aDPLbENc0 a080bBES a100 best pre-independence speech, 1870-1947 /cedited by H. D. Sharma b  bHarperCollinsc1998aNew Delhi bNew Delhia7/16, Ansari Road, Darya Ganje110002 axiii,480p. c23cm(Hb) aIncludes index aIndia -- Politics and government -- 1857-1919926494 aIndia -- Politics and government -- 1919-1947941217 aSharma, H. D. 939811 2ddccENh080mBES c134605d134605 04104070aLbLd2015-07-30eCen Lib/Retg0.00l0o080 BESpA-997651r2015-07-30 00:00:00t1v0.00w2015-07-30yENzWritten off on approval by DLB (By Circulation); dtd 15-06-2023 00102ddc40708NFICaBL1bBL1d2018-08-01eBPPD/PUBg395.00l0o080 BESpA-997653r2018-08-01 00:00:00v395.00w2018-08-01yEN